भारतीय वास्तु शास्त्र / (Record no. 39462)

MARC details
000 -LEADER
fixed length control field 00884nam a22002057a 4500
005 - DATE AND TIME OF LATEST TRANSACTION
control field 2010080506496.0
010 ## - LCCN (DPL NO)
LC control number HIN-90092
020 ## - INTERNATIONAL STANDARD BOOK NUMBER
International Standard Book Number 8177210041
Terms of availability 150.00
035 ## - SYSTEM CONTROL NUMBER
System control number HN-62438
037 ## - SOURCE OF ACQUISITION
Source of stock number/acquisition DBAD / PUB
100 ## - MAIN ENTRY--PERSONAL NAME
Personal name गोयल, पवन के.
245 ## - TITLE STATEMENT
Title भारतीय वास्तु शास्त्र /
Statement of responsibility, etc पवन के. गोयल
246 ## - VARYING FORM OF TITLE
Title proper/short title Bharatiya Vastu Shastra
Remainder of title by Pawan K. Goyal
260 ## - PUBLICATION, DISTRIBUTION, ETC. (IMPRINT)
Place of publication, distribution, etc दिल्ली
Name of publisher, distributor, etc सत्साहित्य प्रकाशन
Date of publication, distribution, etc 2009
270 ## - ADDRESS
Address 205-बी चावड़ी बाजार
City दिल्ली
Postal code 110006
300 ## - PHYSICAL DESCRIPTION
Extent 140पृ
Dimensions 22सेमी (सजिल्द)
Other physical details सचित्र
700 ## - ADDED ENTRY--PERSONAL NAME
9 (RLIN) 6534
942 ## - ADDED ENTRY ELEMENTS (KOHA)
Source of classification or shelving scheme Dewey Decimal Classification
Item type Hindi Books
Call number suffix गोयल
Holdings
Withdrawn status Lost status Not for loan Collection code Home library Current library Date acquired Source of acquisition Cost, normal purchase price Full call number Barcode Copy number Cost, replacement price Koha item type
    Not For Loan Non-fiction D.B.Act.Division D.B.Act.Division 05/08/2010 DBAD / PUB 150.00 गोयल HN-62438 1 150.00 Hindi Books

© Delhi Public Library
Hit Counter
free hit counter